Star Wars Ship Names - Statistics

General Stats
  • This quiz has been taken 95 times
  • The average score is 6 of 12
Answer Stats
Hint Answer % Correct
Han Solo The Millennium Falcon
97%
Luke Skywalker X-Wing
93%
Jango / Boba Fett Slave I
89%
Imperial Starfighter Pilot TIE Fighter
77%
Din Djarin Razor Crest
57%
Admiral Ackbar Home One
43%
Padme Amidala Naboo Royal Starship
35%
General Grievous The Invisible Hand
34%
Darth Maul The Scimitar
26%
Count Dooku Solar Sailer
21%
Kylo Ren TIE Silencer
20%
Cad Bane The Justifier
11%
No matching quizzes found
Score Distribution
Percent of People with Each Score
Percentile by Number Answered
Your Score History
You have not taken this quiz